| 000 | 00385nam a2200157Ia 4500 | ||
|---|---|---|---|
| 008 | 230524s9999 xx 000 0 und d | ||
| 082 |
_a612 _bBHA |
||
| 100 |
_aN.V.Bhagavan _923855 |
||
| 245 | 0 | _aMedical Biochemistry (4th ed.) | |
| 250 | _a4TH | ||
| 260 |
_aNEW DELHI _bElsevier _c2004 |
||
| 300 | _aXXIV;979 | ||
| 500 | _aQuantity Number: 1 | ||
| 650 | _aBiomedical | ||
| 942 | _cBK | ||
| 999 |
_c35327 _d35327 |
||